000 00740cam a2200241Ia 4500
001 u8218
003 SIRSI
005 20180220094335.0
008 970914s1996 nyua b 001 0 eng d
020 _a0471116807 (cloth: alk. oaoer)
039 9 _y200203190948
_zload
040 _aEAL.
050 _aQR181
_bE54 1996
100 1 _aElgert, Klaus D.
245 1 0 _aImmunology :
_bunderstanding the immune system /
_cKlaus D. Elgert.
260 _aNew York :
_bWiley-Liss ;
_aA John Wiely & Sons, Inc.,
_c1996.
300 _ax, 468 p. :
_bill. ;
_c27=9 cm.
504 _aIncludes bibliographical references and index.
596 _a1
650 0 _aImmunology.
910 _aeae09/97.
942 _cBK
_2lcc
999 _c34260
_d34260